000 00344pab a2200157 454500
008 180718b2000 xxu||||| |||| 00| 0 eng d
100 _aKotru, M.L.
245 _aCongregational differences in Islam
260 _c2000
300 _ap.9
362 _a10 Jun
650 _aIslam
650 _aReligion
773 _aPioneer
909 _a46038
999 _c46038
_d46038